| 000 | 01043cam a2200193 i 4500 | ||
|---|---|---|---|
| 005 | 20251109111743.0 | ||
| 008 | 250721s1979 ua gr 000 0 ara d | ||
| 082 | 1 | 4 |
_a213 _bع س ق |
| 100 | 1 | _a العسقلاني، شهاب الدين أبو الفضل إبن حجر | |
| 245 | 1 | 0 |
_aتلخيص الجير في تخريج أحاديث الرافعي الكبير لشيخ الإسلام قاضي القضاهالحافظ أبي الفضل / _cلشخ الاسلام قاضي القضاة الحافظ ابي الفضل شهاب الدين احمد بن علي ابن محمد بن حجر العسقلاني الشافعي ؛ تحقيق و تعليق شعبان محمد اسماعيل. |
| 264 | 3 | 1 |
_aالقاهرة : _bمكتبة الكليات الأزهرية، _c1979. |
| 300 | _a2 مجلد. | ||
| 505 | 0 | _aيحتوي كل مجلد على جزئين. | |
| 650 | 1 | 7 | _aالإسلام. |
| 650 | 1 | 7 | _aالحديث الشريف. |
| 700 | 1 |
_aإسماعيل، شعبان محمد _eمحقق. |
|
| 942 |
_2ddc _cREF |
||
| 999 |
_c26008 _d26008 |
||